History Quiz

Random History or Decade Quiz

Three Nineties Decades Quiz Stats

 Plays Quiz Updated Apr 19, 2019

Score 0/30 Timer 08:00
1 Play Today
Date Answer % Correct
July 9-10, 1790Russia and Sweden
91.5%
October 3, 1990Germany
87.1%
May 10, 1994Nelson Mandela
86.3%
April 6, 1896Athens
86%
February 1, 1992Cold War
85.8%
December 14, 1799George Washington
85.1%
June 26, 1997J.K. Rowling
84.9%
June 25, 1891Sherlock Holmes
83.3%
July 5, 1996Dolly
82.1%
October 6, 1993Michael Jordan
81.3%
February 26, 1991Kuwait
78.3%
June 24, 1795Great Britain
77.9%
January 17, 1893Hawaii
76.9%
March 9, 1796Napoleon Bonaparte
73.5%
September 18, 1793U.S. Capitol
68.5%
Date Answer % Correct
April 25, 1898United States
68.3%
October 11, 1899Boer War
64.9%
November 8, 1892Grover Cleveland
64.8%
April 1797Verona
63.4%
July 28, 1794Maximilien Robespierre
53.4%
July 27, 1791whiskey
52.6%
October 2, 1798Cherokee
45.9%
May 14, 1897John Philip Sousa
45.1%
January 31, 1999John Elway
44.8%
April 14, 1895Ljubljana
42.1%
September 8, 1998Roger Maris
42%
May 1, 1995Jacques Chirac
39.6%
October 15, 1894Alfred Dreyfus
38.8%
April-May, 1792La Marseillaise
34.2%
July 2, 1890John Sherman
31.9%

You're not logged in!

Compare scores with friends on all Sporcle quizzes.
OR
Log In

Sporcle TV

Today on Sporcle TV


Watch our educational content, quiz creation guides, and fun videos on Sporcle TV.

Show Comments

Extras

Top Quizzes Today


Score Distribution

Your Account Isn't Verified!

In order to create a playlist on Sporcle, you need to verify the email address you used during registration. Go to your Sporcle Settings to finish the process.

Report this User

Report this user for behavior that violates our Community Guidelines.

Details: